Jazz handbook

Saved in:
Bibliografiske detaljer
Hovedforfatter: Aebersold, Jamey (Author)
Format: Bog
Sprog:engelsk
Udgivet: Indianápolis Jamey Aebersold Jazz 2013
Udgivelse:1a. ed
Fag:
Tags: Tilføj Tag
Ingen Tags, Vær først til at tagge denne postø!

MARC

LEADER 00000cam a2200000 a 4500
001 UCE1660
003 CL-VaPUC
008 140508e20130000us |||||||||||||||||eng|d
082 0 4 |a 781.65  |b AEB  |2 21 
100 0 |a Aebersold, Jamey  |e author  |9 574024 
245 1 0 |a Jazz handbook 
250 |a 1a. ed 
300 |a 54 p 
942 |c BK 
945 |d 20140508 16:03:00  |a dcastane 
260 |a Indianápolis  |b Jamey Aebersold Jazz  |c 2013 
650 0 |a Jazz  |9 350487 
583 |a last modification  |c 20140508 16:03:00  |k Rodrigo Vera 
999 |c 355399  |d 355397 
952 |0 0  |1 0  |3 erb  |4 0  |6 781_650000000000000_AEB_2013  |7 0  |8 R  |9 462107  |a BIBEDU  |b BIBEDU  |i 507651K  |o 781.65 AEB 2013  |p 507651K  |r 2023-01-12  |w 2019-11-23  |y BK_R  |z Catalogado en:20140508  |k MUS